LEADER 01063nas 2200385-a 450 001 996212877103316 005 20230518213020.0 035 $a(DE-599)ZDB2399856-8 035 $a(OCoLC)226370192 035 $a(CKB)1000000000281181 035 $a(CONSER)--2010252621 035 $a(EXLCZ)991000000000281181 100 $a20080429a20079999 --- - 101 0 $aeng 135 $aurun||||||||| 181 $ctxt$2rdacontent 182 $cc$2rdamedia 183 $acr$2rdacarrier 200 04$aThe journal of e-working 210 $aSingapore $cMerlien Press 300 $aRefereed/Peer-reviewed 311 $a1872-3284 517 1 $aJOE 517 1 $aJournal of eWorking 531 $aJOURNAL OF E-WORKING 606 $aTelecommuting$vPeriodicals 606 $aTelecommuting$2fast$3(OCoLC)fst01146098 608 $aPeriodicals.$2fast 610 $aIndustrial Management 615 0$aTelecommuting 615 7$aTelecommuting. 906 $aJOURNAL 912 $a996212877103316 996 $aThe journal of e-working$92171759 997 $aUNISA